Métro Paris - Ligne 3 et 3bis - Click Quiz - Statistiques

Statistiques générales
  • Ce quiz a été pris 22 fois
  • Le résultat moyen est 17 sur 28
Réponses sur la Carte
Les réponses sont colorées sur une échelle allant du rouge au vert en fonction du pourcentage des utilisateurs qui les ont devinées à leur premier essai. Vous pouvez retrouver ces pourcentages ci-dessous.
 
Statistiques - réponses
Réponse % Correct
Pont de Levallois - Bécon
93%
Louise Michel
86%
Pereire
86%
Porte de Champerret
86%
Anatole France
79%
Villiers
79%
Europe
71%
Saint-Lazare
71%
Wagram
71%
Havre - Caumartin
64%
Opéra
64%
Quatre-Septembre
64%
Arts et Métiers
57%
Bourse
57%
Gallieni
57%
Réaumur - Sébastopol
57%
République
57%
Malesherbes
50%
Porte des Lilas
50%
Sentier
50%
Temple
50%
Parmentier
43%
Pelleport
43%
Père Lachaise
43%
Rue Saint-Maur
43%
Gambetta
36%
Porte de Bagnolet
36%
Saint-Fargeau
36%
Aucun quiz correspondant
Distribution des résultats
% des personnes avec chaque résultat
Percentile par nombre de réponses
Votre historique - résultats
Vous n’avez pas pris ce quiz